Click a Dave Quiz Stats

 Plays Quiz Updated Jul 13, 2016

Also try: Click a Chuck
Challenge
Share
Tweet
Embed
Score 0/20 Timer 03:00
0 Plays Today
% Correct
Beckham
92%
Letterman
91.2%
Copperfield
90.2%
Crockett
83.2%
Cameron
73.8%
Cassidy
72.2%
Carradine
72.2%
Livingstone
65.7%
Attenborough
61.9%
Niven
58.2%
% Correct
Frost
57.3%
Geffen
56.7%
Crosby
54.2%
Lawrence
48.6%
Gilmour
48%
Cross
43.1%
Hume
42.1%
Jones
38.2%
Scott
32.7%
Lean
28.1%

You're not logged in!

Compare scores with friends on all Sporcle quizzes.
OR
Log In

You Might Also Like...

Show Comments

Extras

Top Quizzes Today


Score Distribution

Your Account Isn't Verified!

In order to create a playlist on Sporcle, you need to verify the email address you used during registration. Go to your Sporcle Settings to finish the process.

Report this User

Report this user for behavior that violates our Community Guidelines.

Details: